书目信息 |
| 题名: |
维修电工(高级)国家职业资格证书取证问答
|
|
| 作者: | 王建 , 李伟 主编 | |
| 分册: | ||
| 出版信息: | 北京 机械工业出版社 2005.02 |
|
| 页数: | 253页 | |
| 开本: | 26cm | |
| 丛书名: | 国家职业技能鉴定最新指导丛书 | |
| 单 册: | ||
| 中图分类: | TM07-44 | |
| 科图分类: | ||
| 主题词: | 电工--dian gong--维修--职业技能鉴定--问答 | |
| 电子资源: | ||
| ISBN: | 7-111-16017-7 | |
| 000 | 01041nam 2200253 450 | |
| 001 | 012006447710 | |
| 005 | 20060921155807.92 | |
| 010 | @a7-111-16017-7@dCNY25.00 | |
| 100 | @a20060625d2005 km y0chiy0120 ea | |
| 101 | 0 | @achi |
| 102 | @aCN@b110000 | |
| 105 | @aa z 000yy | |
| 200 | 1 | @a维修电工(高级)国家职业资格证书取证问答@Awei xiu dian gong(gao ji)guo jia zhi ye zi ge zheng shu qu zheng wen da@f王建, 李伟主编@Fwang jian,li wei zhu bian |
| 210 | @a北京@c机械工业出版社@d2005.02 | |
| 215 | @a253页@c图@d26cm | |
| 225 | 2 | @a国家职业技能鉴定最新指导丛书@Aguo jia zhi ye ji neng jian ding zui xin zhi dao cong shu |
| 330 | @a本书以问答的形式详细介绍了每个鉴定点的理论知识和操作技能,涵盖了电路知识、电子技术、电机与变压器、电力拖动和自动控制及仪器仪表等相关知识。 | |
| 410 | 0 | @12001 @a国家职业技能鉴定最新指导丛书 |
| 606 | 0 | @a电工@Adian gong@x维修@x职业技能鉴定@j问答 |
| 690 | @aTM07-44@v4 | |
| 701 | 0 | @a王建@Awang jian@4主编 |
| 701 | 0 | @a李伟@Ali wei@4主编 |
| 801 | 0 | @aCN@bQSSK@c20060921 |
| 905 | @a10447@dTM07-44@eW235 | |
| 维修电工(高级)国家职业资格证书取证问答/王建, 李伟主编.-北京:机械工业出版社,2005.02 |
| 253页:图;26cm.-(国家职业技能鉴定最新指导丛书) |
| ISBN 7-111-16017-7:CNY25.00 |
| 本书以问答的形式详细介绍了每个鉴定点的理论知识和操作技能,涵盖了电路知识、电子技术、电机与变压器、电力拖动和自动控制及仪器仪表等相关知识。 |
| ● |
| 相关链接 |
|
|
|
正题名:维修电工(高级)国家职业资格证书取证问答
索取号:TM07-44/W235
 
预约/预借
| 序号 | 登录号 | 条形码 | 馆藏地/架位号 | 状态 | 备注 |
| 1 | 591212 | 205912128 | 自科库301/301自科库 5排4列5层/ [索取号:TM07-44/W235] | 在馆 | |
| 2 | 591213 | 205912137 | 自科库301/301自科库 5排4列5层/ [索取号:TM07-44/W235] | 在馆 | |
| 3 | 591214 | 205912146 | 自科二线404/301自科库 3排4列4层/ [索取号:TM07-44/W235] | 在馆 |